[Event "IECG CP.2007.P.00051 email"]
[Site "IECG email"]
[Date "2007.10.01"]
[Round "?"]
[White "Portal, Angel"]
[Black "Henke, Simon"]
[Result "0-1"]
[WhiteElo "1073"]
[BlackElo "1448"]
[PlyCount "37"]
[EventDate "2007.10.01"]
[EventType "tourn (corr)"]
[EventRounds "6"]
[SourceTitle "Corr 2011"]
[Source "ChessBase"]
[SourceDate "2010.08.31"]
[SourceVersion "1"]
[SourceVersionDate "2010.08.31"]
[SourceQuality "1"]

1. e4 d6 2. d4 Nf6 3. Nc3 g6 4. f4 Bg7 5. Nf3 0-0 6. Bd3 Nc6 7. d5 Nb4 8. 0-0 Nxd3 9. Qxd3 c6 10. dxc6 bxc6 11. Be3 a5 12. Rfb1 Ng4 13. Re1 Ba6 14. Qd2 Rb8 15. Rab1 Bh6 16. e5 dxe5 17. Nxe5 Nxe5 18. Qxd8 Rfxd8 19. fxe5 0-1